| 000 | 00565nam a2200181 a 4500 | ||
|---|---|---|---|
| 005 | 20240921063906.0 | ||
| 008 | 021025s1985 mx r 000 0 spa d | ||
| 035 | _aUPN01000120492 | ||
| 049 | _aF | ||
| 050 | 4 |
_aZ116 _bS4.6 |
|
| 100 | 1 |
_aSepúlveda Amor, Margarita _934416 |
|
| 245 | 1 | 3 |
_aEl proceso de edición de un libro / _cMargarita Sepúlveda Amor. |
| 260 |
_aMonterrey : _bGobierno del Estado de Nuevo León : _bUANL, _c1985. |
||
| 300 |
_a32 p. : _bil. |
||
| 650 | 2 |
_aImprenta práctica _911116 |
|
| 650 | 4 |
_aEDICIONES BIBLIOGRAFICAS _917097 |
|
| 905 | _aLibro | ||
| 999 |
_c92826 _d92826 |
||